|
|
|
|
| LEADER |
00000cam a2200000 a 4500 |
| 001 |
vtls008427351 |
| 003 |
SK-MaSNL |
| 005 |
20260302074914.0 |
| 008 |
251029s2005 xr a n 001 0 cze |
| 015 |
|
|
|a SNBZSA2010-00568
|
| 020 |
|
|
|a 8086429504
|q (brož.)
|
| 035 |
|
|
|a F5D3D3F3-9CCE-48EC-A138-209C1BA825CC
|
| 035 |
|
|
|a urn:nbn:sk:snk-amk0v9
|
| 035 |
|
|
|a urn:nbn:sk:snk-am0086x8
|
| 040 |
|
|
|a SNK
|b slo
|c SNK
|e AACR2
|
| 041 |
1 |
|
|a cze
|h eng
|
| 044 |
|
|
|a xr
|
| 072 |
|
7 |
|a 321
|x Politológia
|2 konspekt
|
| 072 |
|
7 |
|a 35
|x Verejná správa
|2 konspekt
|
| 080 |
|
|
|a 35:32
|x (075.8)
|2 2001
|
| 080 |
|
|
|a 321
|2 2001
|
| 080 |
|
|
|a (075.8)
|2 1997
|
| 100 |
1 |
|
|a Potůček, Martin,
|d 1948-
|4 aut
|9 238291
|
| 245 |
1 |
0 |
|a Veřejná politika
|c Martin Potůček a kol. ; [zpracováno na základě českého překladu originální anglické publikace ... ; překlady Dagmar Boušková ... et al.]
|
| 250 |
|
|
|a Uprav., dopl. a aktualiz. vyd. v čes. jaz.
|
| 260 |
|
|
|a Praha
|b Sociologické nakladatelství (Slon)
|c 2005
|
| 300 |
|
|
|a 399 s.
|b tab.
|c 24 cm
|
| 490 |
1 |
|
|a Studijní texty
|v sv. 35
|
| 504 |
|
|
|a Bibliogr. Reg.
|
| 650 |
0 |
7 |
|a verejná politika
|2 snkph
|9 969
|
| 650 |
0 |
7 |
|a politológia
|2 snkph
|9 4684
|
| 655 |
|
7 |
|a učebnice vysokých škôl
|2 snkph
|9 70191
|
| 830 |
|
0 |
|a Studijní texty
|9 292969
|
| 856 |
4 |
1 |
|u http://mediainfo.ku.sk/zoom/65/view?page=0&p=separate&view=0,0,1640,2744
|
| 919 |
|
|
|a 80-86429-50-4
|
| 958 |
|
|
|a ZS
|
| 958 |
|
|
|a CZ
|
| 958 |
|
|
|a OP
|
| 999 |
|
|
|c 1167023
|d 1168953
|
| 952 |
|
|
|a SNK
|b SNK
|y PREZ
|7 0
|p 17A0628740
|o snkSC 136959
|i snk2009/15377
|8 4
|g 9.10
|0 0
|1 0
|4 0
|d 2009-08-04
|l 0
|r 2025-07-03 00:00:00
|w 2026-02-24
|
| 952 |
|
|
|a SNK
|b SNK
|y VYP
|7 0
|p 17A0643599
|o snkSC 136959 D1
|i snk2010/2150
|8 4
|g 11.51
|0 0
|1 0
|4 0
|d 2009-11-25
|l 0
|r 2026-02-24 20:51:55
|w 2026-02-24
|